000 00726nam a22002177a 4500
999 _c1613
_d1613
003 AR-CdUCM
008 190227b ||||| |||| 00| 0 spa d
040 _aMUNICIPALIDAD PROVINCIAL DEL CUSCO
_cBIBLIOTECA MUNICIPAL DEL CUSCO
082 _a869.508 /
_bY38
100 _aYauri Montero, Marcos
_96038
245 _aLa sal amarga de la tierra /
260 _aLima :
_b Ediciones Peisa,
_c1974.
300 _a214 páginas :
_c16. 3 cm.
500 _aPrólogo de Francisco E. Carrillo. Premio Nacional de Novela 1968.
650 _aNarrativa peruana contemporánea
_96039
650 _aSiglo XX
_98
650 _aNovelas político-sociales
_96040
650 _aPerú
_935
942 _2ddc
_cLIBROS
945 _alccs
_d2019-02-27